Complete the Card - WWE No Mercy 2001 - Statistics

General Stats
  • This quiz has been taken 266 times
  • The average score is 18 of 21
Answer Stats
Answer % Correct
Stone Cold Steve Austin
97%
Kurt Angle
96%
The Rock
96%
Bubba Ray Dudley
95%
D-Von Dudley
95%
Christian
94%
Edge
94%
Jeff Hardy
94%
Kane
94%
Matt Hardy
94%
The Undertaker
94%
Chris Jericho
93%
Booker T
90%
Rob Van Dam
90%
Torrie Wilson
82%
Test
79%
The Big Show
77%
Stacy Keibler
74%
Lance Storm
64%
Tajiri
54%
The Hurricane
52%
No matching quizzes found
Score Distribution
Percent of People with Each Score
Percentile by Number Answered
Your Score History
You have not taken this quiz